| 000 | 00890nam a22002537a 4500 | ||
|---|---|---|---|
| 001 | 241 | ||
| 003 | BD-RjUL | ||
| 005 | 20211208233135.0 | ||
| 008 | 131113s1985 bg ad||| |||| 000 0 ben d | ||
| 035 | _a(BD-RjUL) | ||
| 040 |
_aBD-RjUL _bben _cBD-RjUL |
||
| 041 | _aben | ||
| 082 | 0 | 4 |
_222 _a515 _bHOJ 1985 |
| 100 | 1 |
_aহোসেন, মকবুল _9728 |
|
| 245 | 0 |
_aজটিল ফাংশন / _cমকবুল হোসেন. |
|
| 260 |
_aঢাকা : _bবাংলা একাডেমী, _c১৯৮৫-১৯৮৬. |
||
| 300 |
_aখণ্ড. : _bচিত্র ; _c২২ সেমি. |
||
| 490 |
_aবা/এ ; _v১৬৬০ |
||
| 505 | 0 | _aখণ্ড. ১ -- খণ্ড. ২-- | |
| 650 | 7 |
_2SLSH _aগাণিতিক বিশ্লেষণ _9729 |
|
| 650 | 7 |
_aMathematical analysis _9111779 |
|
| 830 |
_aবা/এ ; _v১৬৬০ _9119822 |
||
| 942 |
_2ddc _cBK |
||
| 999 |
_c241 _d241 |
||